|
|
|
|
| LEADER |
006460000a22001930004500 |
| 020 |
|
|
|a 0 19563078 5
|
| 082 |
|
|
|a 891.431 KAB N3
|
| 100 |
|
|
|a Vasudeville, Charlotte
|
| 245 |
|
|
|a A Weaver named Kabir: selected verses with a detailed biographical and historical introduction
|
| 260 |
|
|
|a New Delhi, OUP
|
| 260 |
|
|
|c 1993
|
| 465 |
|
|
|a R 325
|
| 490 |
|
|
|a French Studies in South Asian Culture and Society
|c 1
|
| 650 |
|
|
|a Criticism
|
| 650 |
|
|
|a Hindi
|
| 650 |
|
|
|a Poetry
|
| 942 |
|
|
|c BK
|
| 999 |
|
|
|c 1203
|d 1203
|
| 952 |
|
|
|0 0
|1 0
|4 0
|6 891_431000000000000_KAB_N3
|7 0
|8 ENG
|9 994
|a MGUL
|b MGUL
|d 2013-07-16
|e R 325
|l 0
|o 891.431 KAB N3
|p 24842
|r 2013-07-16
|w 2013-07-16
|y BK
|